Faculty of Law Library — Cairo University

Official Online Catalog

National arbitration laws / (Record no. 64033)

MARC details
000 -LEADER
fixed length control field 01362cam a2200373 i 4500
003 - CONTROL NUMBER IDENTIFIER
control field EG-GICUC
005 - DATE AND TIME OF LATEST TRANSACTION
control field 20260223102410.0
008 - FIXED-LENGTH DATA ELEMENTS--GENERAL INFORMATION
fixed length control field 040109m19989999nyu frb 000 0 eng d
020 ## - INTERNATIONAL STANDARD BOOK NUMBER
International Standard Book Number 1578230152
Qualifying information loose-leaf
020 ## - INTERNATIONAL STANDARD BOOK NUMBER
International Standard Book Number 9781578230150
Qualifying information (loose-leaf)
040 ## - CATALOGING SOURCE
Original cataloging agency CUL
Transcribing agency CUL
Modifying agency CUL
-- DLC
-- EG-GICUC
Language of cataloging eng
Description conventions rda
050 00 - LIBRARY OF CONGRESS CALL NUMBER
Classification number K2400
Item number .S6334
082 04 - DEWEY DECIMAL CLASSIFICATION NUMBER
Edition number 21
Classification number 347.224
092 04 - LOCALLY ASSIGNED DEWEY CALL NUMBER (OCLC)
Edition number 21
099 ## - LOCAL FREE-TEXT CALL NUMBER (OCLC)
Classification number Law 12 1998
100 1# - MAIN ENTRY--PERSONAL NAME
Personal name Smit, Hans.
245 10 - TITLE STATEMENT
Title National arbitration laws /
Statement of responsibility, etc. H. Smit, V. Pechota.
Number of part/section of a work Volume 1
264 ## - PRODUCTION, PUBLICATION, DISTRIBUTION, MANUFACTURE, AND COPYRIGHT NOTICE
Place of production, publication, distribution, manufacture [Yonkers, N.Y.] :
Name of producer, publisher, distributor, manufacturer Juris Pub. ;
Place of production, publication, distribution, manufacture [London] :
Name of producer, publisher, distributor, manufacturer Sweet & Maxwell,
Date of production, publication, distribution, manufacture, or copyright notice 1998-
300 ## - PHYSICAL DESCRIPTION
Extent 2 volumes (loose-leaf) ;
Dimensions 26 cm.
336 ## - CONTENT TYPE
Content type term text
Source rdacontent
337 ## - MEDIA TYPE
Media type term Computer
Source rdamedia
338 ## - CARRIER TYPE
Carrier type term Online Resource
Source rdacarrier
490 1# - SERIES STATEMENT
Series statement Smit's guides to international arbitration,
International Standard Serial Number 1050-3900 ;
Volume/sequential designation unit 6
500 ## - GENERAL NOTE
General note Volume 1 ( various paging )
504 ## - BIBLIOGRAPHY, ETC. NOTE
Bibliography, etc. note Includes bibliographical references.
650 #0 - SUBJECT ADDED ENTRY--TOPICAL TERM
Topical term or geographic name entry element Arbitration and award.
650 #0 - SUBJECT ADDED ENTRY--TOPICAL TERM
Topical term or geographic name entry element International commercial arbitration.
700 1# - ADDED ENTRY--PERSONAL NAME
Personal name Pěchota, Vratislav.
785 00 - SUCCEEDING ENTRY
Title National arbitration laws.
Edition 2nd ed.
International Standard Book Number 9781929446827
Record control number (DLC) 2010217905
-- (OCoLC)608102154
830 #0 - SERIES ADDED ENTRY--UNIFORM TITLE
Uniform title Smit's guides to international arbitration series ;
Volume/sequential designation unit 6.
856 40 - ELECTRONIC LOCATION AND ACCESS
Uniform Resource Identifier <a href="https://fll.law.cu.edu.eg/fulltext/bks/ENGB12-00009.pdf">https://fll.law.cu.edu.eg/fulltext/bks/ENGB12-00009.pdf</a>
905 ## - Cataloger and Reviser Names
Cataloger Name: Hend El khosy
942 ## - ADDED ENTRY ELEMENTS (KOHA)
Source of classification or shelving scheme Dewey Decimal Classification
Koha item type Books
Edition 21
Suppress in OPAC No
Holdings
Withdrawn status Lost status Source of classification or shelving scheme Materials specified (bound volume or other part) Damaged status Not for loan Collection Home library Current library Date acquired Total checkouts Full call number Barcode Date last seen Copy number Price effective from Koha item type Public note
    Dewey Decimal Classification V1     القانون الدولي الخاص جــــامعة القــاهرة مكتبة كلية الحقوق - المبنى الرئيسي 23.02.2026   Law1 12 347.224 SM . N 1998 1200011 V1 , C3 ENGB12-00011 23.02.2026 3 23.02.2026 Books 1149
    Dewey Decimal Classification V1     القانون الدولي الخاص جــــامعة القــاهرة مكتبة كلية الحقوق - فـرع الشيخ زايد 23.02.2026   Law2 12 347.224 SM . N 1998 1200009 V1 , C1 ENGB12-00009 23.02.2026 1 23.02.2026 Books 344
    Dewey Decimal Classification V1     القانون الدولي الخاص جــــامعة القــاهرة مكتبة كلية الحقوق - فـرع الشيخ زايد 23.02.2026   Law2 12 347.224 SM . N 1998 1200010 V1 , C2 ENGB12-00010 23.02.2026 2 23.02.2026 Books 345

© All rights reserved — Faculty of Law, Cairo University